Open Data Biblioteca Nacional de Portugal


República Portuguesa: Ministério da Cultura
Biblioteca Nacional de Portugal

Catálogo da BNP: acesso por Identificadores Unívocos
Registos Bibliográficos associados ao registo de autoridade

Etiqueta de registo: 00000nam 2200025 450
001 1927070
003 http://id.bnportugal.gov.pt/bib/catbnp/1927070
100 ## $a20160401d2014 k y0pory01030103ba
101 0# $aeng$dpor
102 ## $aPT
105 ## $aa m 000yy
106 ## $ar
200 1# $aAffective robotics for socio-emotional development in children with autism spectrum disorders$fSandra Cristina Cunha Costa$gorient. Filomena Maria da Rocha Menezes de Oliveira Soares, Cristina Manuela Peixoto Santos
210 #9 $a[Braga$cs.n.],$d2014
215 ## $aXXV, [3], 263 p.$cil.$d30 cm
320 ## $aContém bibliografia
328 #1 $aTese dout. Engenharia Eletrónica e de Computadores, Escola de Engenharia, Univ. do Minho, 2014
675 ## $a681.5(043)$vBN$zpor$3297997
675 ## $a007(043)$vBN$zpor$3480725
675 ## $a616.896-053.2(043)$vBN$zpor$31480964
675 ## $a159.942-053.2-056.3(043)$vBN$zpor$31642731
700 #1 $aCosta,$bSandra Cristina Cunha$31641062
702 #1 $aSoares,$bFilomena Maria da Rocha Meneses de Oliveira $4727$3797712
702 #1 $aSantos,$bCristina Manuela Peixoto$4727$31596673
801 #0 $aPT$bBN$gRPC
966 ## $lBN$mFGMON$sS.A. 161434 V.$x1

OpendataBNP@bnportugal.pt | Mais informação sobre acesso aos dados BNP